| 000 | 00943nas a2200277 4500 | ||
|---|---|---|---|
| 001 | BR8704870 | ||
| 003 | BR-BrBNA | ||
| 005 | 20231205090726.0 | ||
| 007 | ta | ||
| 008 | 230509b bl.|||p| |||| 00| 00por d | ||
| 040 |
_aBR-BrBNA _bpor _cBiblioteca Nacional de Agricultura |
||
| 041 | _a(Pt) | ||
| 072 | _aL73 | ||
| 100 | 1 | _aViana, F.C. | |
| 100 | 1 | _aSilva, J.A. da | |
| 100 | 1 | _aContreras, R.L. | |
| 100 | 1 | _aMagalhaes, J.E.P. | |
| 245 | 1 | _aVacinacao de bovinos adultos contra brucelose (amostra B 19)com dose reduzida, por via subcutanea | |
| 246 | 1 | _a[Adult bovine subcutaneous vaccination against brucellosis, with reduced doses of Brucela abortus] | |
| 650 | _aBOVINO | ||
| 650 | _aBRUCELOSE | ||
| 650 | _aVACINA | ||
| 773 | 0 |
_tArquivo Brasileiro de Medicina Veterinaria e Zootecnia (Brazil) _xISSN 0102-0935 _g(Jun 1986), v. 38(3) p. 331-341 _wBR8704870 |
|
| 909 |
_a202311 _bLúcia _c55 _dLúcia Elande |
||
| 942 |
_2AGRIS _n0 _cANA |
||
| 999 |
_c120482 _d120482 |
||